Νεοελληνική γραμματική
Αποθηκεύτηκε σε:
| Κύριος συγγραφέας: | |
|---|---|
| Μορφή: | Βιβλίο |
| Γλώσσα: | Greek |
| Δημοσίευση: |
Θεσσαλονίκη : Αθήνα :
Αδελφοί Κυριακίδη ; , Εστία,
1994
|
| Θέματα: | |
| Ετικέτες: |
Προσθήκη ετικέτας
Δεν υπάρχουν, Καταχωρήστε ετικέτα πρώτοι!
|
MARC
| LEADER | 00000cam a2200000 i 4500 | ||
|---|---|---|---|
| 001 | 1/14483 | ||
| 008 | 960507s1994 gre d | ||
| 020 | |a 960-343-262-8 | ||
| 035 | |a 1995 |b 1 |c Δωρεά |l 10019437 | ||
| 040 | |a GR-MY-UA |b gre |e aacr | ||
| 041 | 0 | |a gre | |
| 082 | 0 | |a 489.35 | |
| 100 | 1 | |a Τσοπανάκης, Αγαπητός Γ. |d 1908- | |
| 245 | 1 | 0 | |a Νεοελληνική γραμματική / |c Αγαπητός Γ. Τσομπανάκης |
| 260 | |a Θεσσαλονίκη : |a Αθήνα : |b Αδελφοί Κυριακίδη ; , |b Εστία, |c 1994 | ||
| 300 | |a 835 σ. | ||
| 504 | |a Περιλαμβάνει ευρετήριο | ||
| 650 | 0 | 0 | |a Greek language, Modern |x Grammar. |
| 852 | |a INST |b LESVOS |e 19980512 |h 489.35 ΤΣΟ |p 005100013683 |q 005100013683 |t BK |y 0 | ||
| 852 | |a INST |b RHODES |e 19960507 |h 489.35 ΤΣΟ |p 005400007524 |q 005400007524 |t BK |y 0 | ||
| 852 | |a INST |b RHODES |e 19960507 |h 489.35 ΤΣΟ |p 005400007525 |q 005400007525 |t BK |y 0 | ||
| 852 | |a INST |b RHODES |e 19960507 |h 489.35 ΤΣΟ |p 005400007526 |q 005400007526 |t BK |y 0 | ||
| 852 | |a INST |b RHODES |c KRI |e 20050722 |h 489.35 ΤΣΟ |p 005400028578 |q 005400028578 |t BK |y 0 | ||
| 901 | |a BIBL4-2005-2 | ||
| 901 | |a BIBL-1998-2 | ||
| 909 | |a Λ |b 055867 | ||
| 909 | |a Ρ |b 028383 |c 1995 | ||
| 909 | |a Ρ |b 028382 |c 1995 | ||
| 909 | |a Ρ |b 028381 |c 1995 | ||
| 909 | |a Ρ |b 121994 | ||
| 922 | |a 1ΕΛΗ |b 199804 |c ΚΠΣ/ΤΚΑ |d EMVASIS | ||
| 950 | |a 117-1998-01-28 | ||
| 970 | |a ΣΙΔΕΡΗ |b ΝΕΚΤΑΡΙΑ |z 2005/07/22 | ||